000 00501nam a22001817a 4500
005 20160725111101.0
010 _aENG-115509
020 _a978938138458
_c125.00
035 _aEN-99041
037 _bDBAD/PUB
082 _a082
100 _aSuhas,B.R.
245 _aImmortal Sayings /
_cby Suhas,B.R.
260 _aNew Delhi
_bV & S Publishers
_c2014
270 _aF-2/16,Ansari Road,Daryaganj
_bNew Delhi
_e110002
300 _a187p.
_c21cm(pbk)
942 _2ddc
_cEN
_h082
_mSUH
999 _c101433
_d101433